| 000 | 00725nam a2200217 a 4500 | ||
|---|---|---|---|
| 999 |
_c2165 _d2165 |
||
| 001 | 2165 | ||
| 003 | BD-JhCC | ||
| 005 | 20171030170641.0 | ||
| 008 | 171030s1978 bg ||||| |||| 00| 0 ben d | ||
| 035 | _a(BD-JhCC)2165 | ||
| 040 |
_aBD-JhCC _dBD-JhCC |
||
| 041 | _aben | ||
| 082 |
_222 _a891.4409 _bTHA 1978 |
||
| 100 | _aঠাকুর,ঘোষ, রবীন্দ্রনাথ, | ||
| 245 |
_aসংস্কৃতি বর্ণমালার ইতিহাস / _cরবীন্দ্রনাথ ঘোষ ঠাকুর |
||
| 260 |
_aঢাকা : _bবাংলা একাডেমী, _c১৯৭৮ |
||
| 300 |
_a187 p. : _c22cm. |
||
| 650 | _aBengali Litureature | ||
| 942 |
_2ddc _cBK |
||